Somática familiar: enfermedad orgánica y familia
Na minha lista:
| Autor principal: | |
|---|---|
| Formato: | Livro |
| Idioma: | espanhol |
| Publicado em: |
Barcelona
Gedisa
1984
|
| Colecção: | Colección Psicoteca Mayor
|
| Assuntos: | |
| Tags: |
Adicionar Tag
Sem tags, seja o primeiro a adicionar uma tag!
|
MARC
| LEADER | 00000nam a2200000 a 4500 | ||
|---|---|---|---|
| 001 | UCY9507 | ||
| 003 | CL-VaPUC | ||
| 008 | 950717e19841100SP |||||||||||||||||spa|d | ||
| 082 | 0 | 4 | |a 155.916 |b KOR |2 21 |
| 100 | |a Kornblit, Ana Lía |e author |9 557124 | ||
| 245 | 1 | 0 | |a Somática familiar: enfermedad orgánica y familia |
| 300 | |a 105 p | ||
| 942 | |c BK | ||
| 945 | |d 19950717 00:00:00 |a cmena | ||
| 260 | |a Barcelona |b Gedisa |c 1984 | ||
| 650 | 7 | |a INFLUENCIA PSICOLOGICA |2 CL-VaPUC |9 341765 | |
| 650 | 0 | |a Psicología aplicada |9 270762 | |
| 650 | 0 | |a Vida familiar |9 308049 | |
| 650 | 0 | |a Familias |9 255641 | |
| 650 | 0 | |a Enfermedades |9 263059 | |
| 650 | 7 | |a INFLUENCIA FAMILIAR |2 CL-VaPUC |9 335148 | |
| 583 | |a last modification |c 20180227 06:04:44 |k Rodrigo Vera | ||
| 490 | 0 | |a Colección Psicoteca Mayor | |
| 999 | |c 236592 |d 236590 | ||
| 952 | |0 0 |1 0 |4 0 |6 155_916000000000000_KOR_1984 |7 0 |8 P |9 244782 |a BIBEDU |b BIBEDU |d 2019-11-18 |i 1531891 |o 155.916 KOR 1984 |p 1531891 |r 2024-01-25 |w 2019-11-18 |y BK |k EDU | ||